000 00440nam a2200145Ia 4500
008 151213s9999 xx 000 0 und d
100 _aSME Foundation
245 _aStructure , Performance and Action Plans for Six Industries in Bangladesh.
_cSME Foundation
250 _aPart 1
260 _aDhaka
_bSmall and Medium Enterprise Foundation
_c2010
300 _a8899 p.
650 _aReference
700 _aSME Foundation
999 _c4672
_d4672